000 00411cam a2200169 4500
001 D13477
008 090401t1953 xxu||||| |||| 00| 0 eng d
035 _a(Sirsi) u9957
041 _aeng
100 _aMurray, J.F.N.
245 _aValuation practice (problems and answers)
260 _bCommonwealth Institute of Valuers
_c1953
350 _a0
520 _aShelf 132
942 _n0
948 _c04/03/1997
999 _c86684
_d86684